Welcome to the Holygrace Academy Library

Please use search bar below to get started

FINDING GOD IN THE LAND OF NARNI (Record no. 7302)

MARC details
000 -LEADER
fixed length control field 00506nam a22001577a 4500
020 ## - INTERNATIONAL STANDARD BOOK NUMBER
ISBN 978-0-8423-8104-8
082 ## - DEWEY DECIMAL CLASSIFICATION NUMBER
Classification number 823
Item number BRU/F
100 ## - MAIN ENTRY--AUTHOR NAME
Personal name BRUNER, KURT
100 ## - MAIN ENTRY--AUTHOR NAME
Personal name WARE, JIM
245 ## - TITLE STATEMENT
Title FINDING GOD IN THE LAND OF NARNI
260 ## - PUBLICATION, DISTRIBUTION, ETC. (IMPRINT)
Place of publication USA
Name of publisher TYNDALE
300 ## - PHYSICAL DESCRIPTION
Number of Pages 185
520 ## - SUMMARY, ETC.
Summary, etc It's the story of young Morgan Izaak, a twelve-year-old boy who is obsessed with his missing father's ancient books about alchemy and the legendary Philosopher's Stone.
650 ## - SUBJECT ADDED ENTRY--TOPICAL TERM
Topical Term ENGLISH STORY
Geographic subdivision USA
942 ## - ADDED ENTRY ELEMENTS (KOHA)
Koha item type Books
Holdings
Withdrawn status Lost status Collection code Home library Current library Shelving location Date acquired Source of acquisition Full call number Accession Number Koha item type
    Fiction Main Library Main Library SHELF-14B -ALPHABETICAL -B--ENGLISH NOVELS & FICTIONS 27/03/2015 PURCHASE 823 BRU/F 08482 Books